MARC details
| 000 -LEADER |
| fixed length control field |
04254cam a2200433 i 4500 |
| 001 - CONTROL NUMBER |
| control field |
22769098 |
| 005 - DATE AND TIME OF LATEST TRANSACTION |
| control field |
20250428103458.0 |
| 008 - FIXED-LENGTH DATA ELEMENTS--GENERAL INFORMATION |
| fixed length control field |
220829s2023 mdu b 000 0 eng |
| 010 ## - LIBRARY OF CONGRESS CONTROL NUMBER |
| LC control number |
2022024607 |
| 020 ## - INTERNATIONAL STANDARD BOOK NUMBER |
| International Standard Book Number |
9781421446189 |
| 040 ## - CATALOGING SOURCE |
| Original cataloging agency |
CRL |
| Language of cataloging |
eng |
| Description conventions |
rda |
| Transcribing agency |
CRL |
| Modifying agency |
CRL |
| 041 ## - LANGUAGE CODE |
| Source of code |
eng |
| Language code of text/sound track or separate title |
eng |
| 042 ## - AUTHENTICATION CODE |
| Authentication code |
pcc |
| 043 ## - GEOGRAPHIC AREA CODE |
| Geographic area code |
n-us--- |
| 050 00 - LIBRARY OF CONGRESS CALL NUMBER |
| Classification number |
HQ77.95.U6 |
| Item number |
C37 2023 |
| 084 ## - COLON CLASSIFICATION NUMBER |
| Classification number |
Y658.73 R3 |
| Assigning agency |
CRL |
| 245 04 - TITLE STATEMENT |
| Title |
The conversation on gender diversity |
| 260 ## - PUBLICATION, DISTRIBUTION, ETC. |
| Place of publication, distribution, etc. |
Baltimore, USA: |
| Name of publisher, distributor, etc. |
Johns Hopkins University Press, |
| Date of publication, distribution, etc. |
2023. |
| 264 #1 - PRODUCTION, PUBLICATION, DISTRIBUTION, MANUFACTURE, AND COPYRIGHT NOTICE |
| Date of production, publication, distribution, manufacture, or copyright notice |
2023. |
| 300 ## - PHYSICAL DESCRIPTION |
| Extent |
xxv, 259.p |
| Dimensions |
20 cm. |
| 336 ## - CONTENT TYPE |
| Content type term |
text |
| Content type code |
txt |
| Source |
rdacontent |
| 337 ## - MEDIA TYPE |
| Media type term |
unmediated |
| Media type code |
n |
| Source |
rdamedia |
| 338 ## - CARRIER TYPE |
| Carrier type term |
volume |
| Carrier type code |
nc |
| Source |
rdacarrier |
| 365 ## - TRADE PRICE |
| Price amount |
16.95 |
| Currency code |
USD |
| 490 0# - SERIES STATEMENT |
| Series statement |
Critical conversations |
| 504 ## - BIBLIOGRAPHY, ETC. NOTE |
| Bibliography, etc. note |
Includes bibliographical references. |
| 520 ## - SUMMARY, ETC. |
| Summary, etc. |
"This book collects articles from nonprofit, independent news organization, The Conversation, to present an important primer on the history of gender diversity and the current challenges transgender people face in American society"-- |
| Assigning source |
Provided by publisher. |
| 520 ## - SUMMARY, ETC. |
| Summary, etc. |
"From contributors to The Conversation, a look at gender diversity in the twenty-first century and the intricate and intersecting challenges faced by trans and nonbinary people.With media amplifying the voices of anti-trans legislators and critics, it is important to turn to the stories, research, and expertise of trans and nonbinary people in order to understand the reality of their experiences. In The Conversation on Gender Diversity, editor Jules Gill-Peterson assembles essential essays from The Conversation U.S. by experts on gender diversity. The essays guide readers through seldom-covered aspects of transgender history and present an overview of the social and political barriers that disenfranchise trans people and attempt to remove them from public life. As these essays collectively show, trans and nonbinary people may be forced to be the face of gender and its diversity, but the cultural, political, and social realities of gender connect-and subject-everyone. Despite these challenges, there is an immense culture of love and support across the queer community that is bolstered by activists and allies working against transphobic attacks. Trans and gender-diverse youth are growing up in a world filled with ever-increasing hurdles and rising danger, even with the contemporary public recognition of trans life in culture and media. But they are not facing these challenges alone.The Critical Conversations series collects relevant essays from top scholars on timely topics, including water, biotechnology, gender diversity, gun culture, and more, originally published on the independent news site The Conversation U.S. Contributors: Robert L. Abreu, Catherine Armstrong, Stacy Branham, Christopher Carpenter, L. F. Carver, Mandy Coles, Arin Collin, George B. Cunningham, Avery Dame-Griff, Jules Gill-Peterson, Abbie Goldberg, Gilbert Gonzales, Frances Grimstad, Foad Hamidi, Elizabeth Heineman, Glen Hosking, Bethany Grace Howe, Jay A. Irwin, Shanna K. Kattari, Kacie Kidd, Terry Kogan, Vanessa LoBue, Gabriel Lockett, Megan K. Maas, Julie Manning Magid, Em Matsuno, Tey Meadow, Kyl Myers, Madeleine Pape, Ruth Pearce, Jae A. Puckett, Samantha G. Rosenthal, Morgan Klaus Scheuerman, Elizabeth A. Sharrow, Carl Sheperis, Donna Sheperis, stef m. shuster, Jules Sostre, Ryan Storr, Carl Streed, Diana M. Tordoff, Travers"-- |
| Assigning source |
Provided by publisher. |
| 650 #0 - SUBJECT ADDED ENTRY--TOPICAL TERM |
| Topical term or geographic name entry element |
Transgender people |
| Geographic subdivision |
United States. |
| 9 (RLIN) |
753074 |
| 650 #0 - SUBJECT ADDED ENTRY--TOPICAL TERM |
| Topical term or geographic name entry element |
Gender identity |
| Geographic subdivision |
United States. |
| 9 (RLIN) |
753075 |
| 650 #0 - SUBJECT ADDED ENTRY--TOPICAL TERM |
| Topical term or geographic name entry element |
Gender-nonconforming people |
| Geographic subdivision |
United States. |
| 9 (RLIN) |
753076 |
| 650 #7 - SUBJECT ADDED ENTRY--TOPICAL TERM |
| Topical term or geographic name entry element |
SOCIAL SCIENCE / Gender Studies |
| Source of heading or term |
bisacsh |
| 9 (RLIN) |
753077 |
| 650 #7 - SUBJECT ADDED ENTRY--TOPICAL TERM |
| Topical term or geographic name entry element |
POLITICAL SCIENCE / Public Policy / Social Policy |
| Source of heading or term |
bisacsh |
| 9 (RLIN) |
753078 |
| 700 1# - ADDED ENTRY--PERSONAL NAME |
| Personal name |
Gill-Peterson, Jules, |
| Relator term |
editor. |
| 9 (RLIN) |
753079 |
| 906 ## - LOCAL DATA ELEMENT F, LDF (RLIN) |
| a |
7 |
| b |
cbc |
| c |
orignew |
| d |
1 |
| e |
ecip |
| f |
20 |
| g |
y-gencatlg |
| 942 ## - ADDED ENTRY ELEMENTS (KOHA) |
| Source of classification or shelving scheme |
Colon Classification (CC) |
| Koha item type |
Textbook |
| Classification part |
Y658.73 R3 |
| Suppress in OPAC |
No |